Cẩm nang xin việc
Tallennettuna:
| Päätekijä: | |
|---|---|
| Aineistotyyppi: | Kirja |
| Kieli: | Undetermined |
| Julkaistu: |
Hà Nội
Văn hóa Thông tin
2005
|
| Aiheet: | |
| Tagit: |
Lisää tagi
Ei tageja, Lisää ensimmäinen tagi!
|
| Thư viện lưu trữ: | Trung tâm Học liệu Trường Đại học Cần Thơ |
|---|
| LEADER | 00519nam a2200193Ia 4500 | ||
|---|---|---|---|
| 001 | CTU_95313 | ||
| 008 | 210402s9999 xx 000 0 und d | ||
| 020 | |c 34000 | ||
| 082 | |a 650.14 | ||
| 082 | |b Qu451 | ||
| 100 | |a Quốc Hùng | ||
| 245 | 0 | |a Cẩm nang xin việc | |
| 245 | 0 | |c Quốc Hùng | |
| 260 | |a Hà Nội | ||
| 260 | |b Văn hóa Thông tin | ||
| 260 | |c 2005 | ||
| 650 | |a Success in public life,Job hunting | ||
| 904 | |i Minh | ||
| 980 | |a Trung tâm Học liệu Trường Đại học Cần Thơ | ||